Statistiques concernant Dans quel club n’a pas joué ce footballeur ? #3

Cliquez ici pour prendre le quiz!

Statistiques générales

  • Ce quiz a été pris 102 fois
  • Le résultat moyen est 7 sur 12

Statistiques - réponses

QuestionRéponse% Correct
Didier Deschamps
94%
Lucas Digne
89%
Dimitri Payet
87%
Ross Barkley
71%
Martin Braithwaite
63%
Mario Balotelli
59%
Vágner Love
55%
Kevin Volland
47%
Mattia Caldara
37%
Gary Lineker
36%
Rivaldo
27%
Kevin-Prince Boateng
21%

Distribution des résultats

Percentile par nombre de réponses

% des personnes avec chaque résultat

Votre développement - résultats

Vous n’avez pas pris ce quiz